|
|
|
|
| LEADER |
01063nam a2200265 a 4500 |
| 001 |
714570 |
| 008 |
110821r20001996ii b s001 0 eng d |
| 010 |
|
|
|a 97125828
|
| 020 |
|
|
|a 081661251X (pbk.)
|
| 040 |
|
|
|a DLC
|c DLC
|d DLC
|d BD-DhAAL
|
| 082 |
0 |
0 |
|a 801/.95/0904
|2 21
|
| 999 |
|
|
|c 11211
|d 11211
|
| 999 |
|
|
|c 11211
|
| 100 |
1 |
|
|a Eagleton, Terry,
|d 1943-
|9 1578
|
| 245 |
1 |
0 |
|a Literary theory :
|b an introduction /
|c Terry Eagleton.
|
| 250 |
|
|
|a 2nd ed.
|
| 260 |
|
|
|a Minneapolis, Minn. :
|b University of Minnesota Press ;
|a New Delhi :
|b Maya publishers,
|c 1996.[reprinted 2000]
|
| 300 |
|
|
|a x, 234 p. ;
|c 23 cm.
|
| 504 |
|
|
|a Includes bibliographical references (p. 217-223) and index.
|
| 541 |
1 |
|
|e 00008544
|
| 650 |
|
0 |
|a Criticism
|x History
|y 20th century.
|9 1579
|
| 650 |
|
0 |
|a Literature
|x History and criticism
|x Theory, etc.
|9 1580
|
| 852 |
4 |
|
|a Ayesha Abed Library
|j General Shelf.
|
| 942 |
|
|
|2 ddc
|c AV
|
| 952 |
|
|
|0 0
|1 0
|2 ddc
|4 0
|6 801_950904000000000_EAG
|7 0
|9 17907
|a BRACUL
|b BRACUL
|c GEN
|d 2011-08-23
|l 6
|m 6
|o 801.950904 EAG
|p 3010008544
|r 2026-03-01
|s 2026-02-24
|t 1
|w 2011-08-23
|y BK
|